Elenca la formazione - Finale Mondiali 2002 - Statistics

Statistiche generali
  • Questo quiz è stato fatto 107 volte
  • Il punteggio medio è 8 su 22
Statistiche sulle risposte
Ruolo Club dell'epoca Calciatore % Corretto
Portiere Bayern Monaco Oliver Kahn
93%
Attaccante Inter Ronaldo
92%
Centrocampista Roma Cafu
86%
Trequartista Paris Saint-Germain Ronaldinho
86%
Attaccante Barcellona Rivaldo
82%
Attaccante Kaiserslautern Miroslav Klose
61%
Centrocampista Real Madrid Roberto Carlos
58%
Difensore Bayer Lverkusen Lúcio
45%
Centrocampista Atlético Mineiro Gilberto Silva
33%
Difensore Milan Roque Júnior
28%
Difensore Borussia Dortmund Christoph Metzelder
20%
Centrocampista Werder Brema Torsten Frings
19%
Portiere Palmeiras Marcos
18%
Trequartista Bayer Leverkusen Bernd Schneider
16%
Centrocampista Liverpool Dietmar Hamann
16%
Difensore Olympique Lione Edmílson
16%
Centrocampista Atlético Paranaense Kléberson
16%
Attaccante Bayer Leverkusen Oliver Neuville
16%
Difensore Bayer Leverkusen Carsten Ramelow
11%
Difensore Bayern Monaco Thomas Linke
9%
Centrocampista Bayern Monaco Jens Jeremies
8%
Centrocampista Werder Brema Marco Bode
7%
Nessun quiz corrispondente trovato
Distribuzione punteggi
Percentuale di utenti per punteggio
Percentile per numero di risposta
I tuoi punteggi nel tempo
Non hai fatto questo quiz